| 000 | 01097nam a2200313 4500 | ||
|---|---|---|---|
| 001 | 000 | ||
| 003 | 000 | ||
| 005 | 20150414120713.0 | ||
| 007 | 000 | ||
| 008 | 870126s1985 enk b 001 0 eng d | ||
| 020 | _a0851869173 | ||
| 035 | _a(OCoLC)12524526 | ||
| 035 | _a(OCoLC)ocm12524526 | ||
| 035 | _a(CStRLIN)NYCG87-B7870 | ||
| 035 | _a(NNC)598849 | ||
| 040 |
_aUOEL _cCLSU _dNNC |
||
| 090 |
_aQD15 _b.R42 |
||
| 245 | 0 | 0 |
_aRecent developments in the history of chemistry / _ceditor and senior author, C.A. Russell ; authors, R.G.W. Anderson,...[et al.] |
| 260 |
_aLondon : _bRoyal Society of Chemistry, _cc1985. |
||
| 300 |
_ax, 333 p. ; _c22 cm. |
||
| 500 | _a"It originated from an initiative of the Historical Group of the Royal Society of Chemistry..."p.1. | ||
| 504 | _aIncludes bibliographical references and indexes. | ||
| 650 | 0 |
_aChemistry _xHistoriography. |
|
| 700 | 1 | _aRussell, Colin Archibald. | |
| 700 | 1 |
_aAnderson, R. G. W. _q(Robert Geoffrey William) |
|
| 710 | 2 |
_aRoyal Society of Chemistry (Great Britain). _bHistorical Group. |
|
| 942 |
_2lcc _cLL |
||
| 999 |
_c4873 _d4873 |
||